000 00417nam a2200133 a 4500
001 ASINB00E5V79JU
005 20140715210416.0
008 140716s2010 xxu eng d
100 1 _aPrasad P
245 1 0 _aThe functional aspeds of communication skills :
_bP Prasad.
260 _aNew Delhi :
_bS.K Kataria,
_c2010.
300 _a318 p.
856 4 0 _3Amazon.com
_uhttp://www.amazon.com/exec/obidos/ASIN/chopaconline-20
999 _c8075
_d8075